Přehled průmyslové toxikologie : Organické látky. Svazek 2 /

Guardado en:
Detalles Bibliográficos
Autor principal: Marhold, Josef (Autor)
Formato: Libro
Lenguaje:checo
Publicado: Praha : Avicenum, 1986
Etiquetas: Agregar Etiqueta
Sin Etiquetas, Sea el primero en etiquetar este registro!

MARC

LEADER 00000nam a22000003a 4500
001 stu18819
005 20150617225752.3
008 920429s1986----cs------------------cze-d
040 |a STU  |b slo 
041 0 |a cze 
044 |a cs 
080 |a 615.91 
100 1 |a Marhold, Josef  |4 aut 
245 1 |a Přehled průmyslové toxikologie :  |b Organické látky. Svazek 2 /  |c [aut.]Marhold,Josef 
260 |a Praha :  |b Avicenum,  |c 1986 
300 |a 763-1700 s :  |b Lit.,index 
996 |c V*33718/O-13781 II.  |l VV17  |s P  |a 0  |w stu18819_0001 
996 |b 284C015270  |c C*89759  |l CCI  |s A  |a 24  |w stu18819_0002 
996 |b C78070  |c C*78070  |l CCII  |s P  |a 0  |w stu18819_0003 
996 |b C78767  |c C*78767  |l CCVII  |s P  |a 0  |w stu18819_0004 
996 |b C78768  |c C*78768  |l CCVII  |s P  |a 0  |w stu18819_0005 
996 |b C77440  |c C*77440  |l CCIV  |s P  |a 0  |w stu18819_0006